10,000 Quiz Stats

 Plays Quiz Updated Sep 1, 2015

Challenge
Share
Tweet
Embed
Score 0/25 Timer 08:00
1 Play Today
10,000 Clue Answer % Correct
This number is the square root of 10,000.100
95.9%
This animated film featured 10,000 helium balloons.Up
93.5%
This country's 10,000 dinar note replaced Saddam Hussein's image with that of Abu Ali Hasan Ibn al-Haitham.Iraq
89.7%
In Roman numerals, to get a 10,000 you have to put a bar over this letter.X
78.9%
Roland Emmerich directed '10,000 BC,' a prehistoric film about a hunter of this extinct elephant relative.mammoth
71%
The Young and the Restless, a 40-year old show of this type on CBS, just aired its 10,000th episode on September 27th, 2012. soap opera
70.1%
This U.S. state is known as the Land of 10,000 Lakes.Minnesota
69.7%
Man'yōshū, the 'Collection of Ten Thousand Leaves,' is the oldest poetry collection from this country.Japan
66.2%
The word myriad, which now means a great number, came from this language as the word for 10,000.Greek
62.2%
In 1999, this stock metric broke the 10,000 mark for the first time.Dow Jones Industrial Average
59.1%
A Canadian documentary subtitled 'The 10,000 Days War' tells of the international conflict in this Asian country from 1945 to 1975.Vietnam
59.1%
Salmon P. Chase, the former Secretary of this US Cabinet Department, appeared on the $10,000 bill.Treasury
57.3%
In 1973, this game show, hosted by Dick Clark, began with a $10,000 maximum prize$10,000 Pyramid
51.7%
10,000 Clue Answer % Correct
'Ten Thousand Times Ten Thousand' by Henry Alford is a an example of this type of religious song.hymn
50.6%
Long wave radio waves would have a frequency of 10,000 of this unit named for a German physicist.hertz
44.9%
This 5-member boy band, that toured with New Kids on the Block in 2011-2, has a song titled '10,000 Promises.'Backstreet Boys
44.6%
The Tomb of 10,000 soldiers commemorates a rebellion in Nanzhao in 751 over this Chinese dynasty that shares its name with an orange drink.Tang
43.1%
The blessing, 'live for 10,000 years,' is a way in Asian cultures to wish long life to this type of leader.the emperor
41.5%
This is a term for 10,000 square meters in area.hectare
39.5%
Though Mo Farah of the UK won the 10,000 m at the 2012 Olympics, the current record holder in this event is Kenenisa Bekele of this country.Ethiopia
36.4%
The song '10,000 Men' appeared on the 1990 Album 'Under the Red Sky' by this artist, born Robert Zimmerman.Bob Dylan
35%
Natalie Merchant was the original lead vocalist in a band named after 10,000 of these.Maniacs
34.9%
The Army of 10,000 was a group of Greek mercenaries used by Cyrus the Younger to fight his brother Artaxerxes II for control of this Empire.Persia
33.6%
These are both of the prime factors of 10,000.two and five
30%
This National League baseball team, in 2007, became the first to lose 10,000 games.Philadelphia Phillies
27.6%

You're not logged in!

Compare scores with friends on all Sporcle quizzes.
OR
Log In

You Might Also Like...

Show Comments

Extras

Top Quizzes Today


Score Distribution

Your Account Isn't Verified!

In order to create a playlist on Sporcle, you need to verify the email address you used during registration. Go to your Sporcle Settings to finish the process.

Report this User

Report this user for behavior that violates our Community Guidelines.

Details: